=LDR 00000nam 2200000 4500 =001 INLIS000000000011582 =005 20130612103130 =008 ***********************************Ind** =035 ##$$0010-061300000011582 =041 ##$$a Ind =082 ##$$a 728 =090 ##$$a 728, Suk r =100 ##$$a Sukarso, ASP =245 ##$$a Ruang dapur, Sukarso, ASP =260 ##$$a 1999 $b Yogyakarta =300 ##$$a 39 hlm., ilus, 21x22 cm =650 ##$$a Rumah Tinggal =850 ##$$a NBPNMAT